| 000 | 00921cab a2200241 4500 | ||
|---|---|---|---|
| 001 | X594 | ||
| 008 | 090401t1992 xxu||||| |||| 00| 0 eng d | ||
| 035 | _a(Sirsi) u66468 | ||
| 041 | _aeng | ||
| 100 | _aWebb, Andrew | ||
| 245 | _aPlanning a sustainable future: sustainable energy - a question of restraint and renewables | ||
| 260 | _c1992 | ||
| 350 | _a0 | ||
| 490 |
_aTown & Country Planning _v61(7) July 1992, 198-200(3) |
||
| 520 | _aLooks at the need to restrain energy consumption - through taxation, conservation and greater efficiency - and the vital role of renewable sources of power generation. Third in a series of articles linked to a TCPA report (due mid-1993). | ||
| 650 | _aALTERNATIVE SOURCES | ||
| 650 | _aENERGY TAX | ||
| 650 | _aRENEWABLE ENERGY SOURCES | ||
| 650 | _aSUSTAINABLE DEVELOPMENT | ||
| 690 | _aENVIRONMENTAL AND LAND CONSULTANCY-ENERGY | ||
| 942 | _n0 | ||
| 948 | _c04/03/1997 | ||
| 999 |
_c41527 _d41527 |
||